Polythene : the technology and uses of ethylene polymers /

Saved in:
Bibliographic Details
Other Authors: Morgan, Phillip, Renfrew, A.
Format: Book
Language:English
Published: London : Iliffe & sons, 1957.
Subjects:
LEADER 00887nam a2200241 a 4500
001 c000301326
003 CARM
005 20061111060033.0
008 880401s1957 uk a 001 0 eng d
019 1 |a 6124687  |z 28009927  |5 LACONCORD2021 
035 |a (OCoLC)2133854  |5 LACONCORD2021 
040 |a AIPO  |b eng  |c AIPO 
082 0 4 |a 668.4234 
245 0 0 |a Polythene :  |b the technology and uses of ethylene polymers /  |c edited by A. Renfrew and Phillip Morgan. 
260 |a London :  |b Iliffe & sons,  |c 1957. 
300 |a 567 p. :  |b ill. ;  |c 25 cm. 
500 |a Includes index. 
650 0 |a Polyethylene. 
700 1 |a Morgan, Phillip. 
700 1 |a Renfrew, A. 
852 8 |b CARM  |h A3:AD22B0  |i B11393  |p 0549565  |f BK 
999 f f |i 4727459d-197b-5888-9ef3-dd9e09d6c880  |s 41825d44-a4ae-5b39-87ee-97ddb8e6031e 
952 f f |p Can circulate  |a CAVAL  |b CAVAL  |c CAVAL  |d CARM 1 Store  |e B11393  |f A3:AD22B0  |h Other scheme  |i book  |m 0549565